000 00256nam a22001217a 4500
008 230620b xxu||||| |||| 00| 0 eng d
082 _a324.204
_bKANU
100 _cECK
245 _aKANU
260 _aKenya
_bKANU
_c1990
300 _a496P
942 _2ddc
_cBK
999 _c1739
_d1739